| 000 | 00595nam a2200157Ia 4500 | ||
|---|---|---|---|
| 999 |
_c13856 _d13856 |
||
| 082 | _aRE.0013 | ||
| 100 | _aProgressive Research Aids Priv | ||
| 245 | 0 | _aEvaluation study of rehabilitation and resettlement programme for persons affected by Majalgaon Irrigation Project. | |
| 260 |
_c1987 _bMaharashtra. Department of Revenue and Forest |
||
| 300 | _a213p. | ||
| 650 | _aREFUGEES, POLITICAL - MAHARASHTRA | ||
| 650 | _aFORCED MIGRATION - MAHARASHTRA | ||
| 650 | _aMEJALGAON IRRIGATION PROJECT - SOCIAL ASPECTS | ||
| 710 | _aProgressive Research Aids Private Limited, Pune | ||
| 942 |
_cRP _2ddc |
||